000 00416nam a2200169Ia 4500
008 230524s9999 xx 000 0 und d
020 _a9789382332510
082 _a6.66
_bBHA
100 _aPradeep K. Bhatia
_942983
245 0 _aComputer Graphics
250 _a3
260 _aNew Delhi
_bI.K.International
_c2013
300 _a"XIV,401p;"
500 _aQuantity Number: 1
650 _aComp-Sc
942 _cBK
999 _c57933
_d57933